| 000 | 00536 a2200181 4500 | ||
|---|---|---|---|
| 003 | OSt | ||
| 005 | 20231214091810.0 | ||
| 008 | 231213b |||||||| |||| 00| 0 eng d | ||
| 020 | _a9788187480860 | ||
| 040 | _coclc | ||
| 082 |
_a894.8128 _bBEN/S |
||
| 100 |
_aBenjamin, D _97821 |
||
| 245 |
_aSahithyagaveshanathinte Reethisasthram / _cD. Benjamin |
||
| 250 | _a1st ed. | ||
| 260 |
_aThiruvananthapuram: _bMaluBen Publications, _c2012. |
||
| 300 | _a80p. | ||
| 942 |
_2ddc _cBK _h894.8128 _iBEN/S _k894.8128 _mBEN/S |
||
| 999 |
_c44097 _d44097 |
||